MARC details
| 000 -CABECERA |
| campo de control de longitud fija |
02806nam a2200313 i 4500 |
| 001 - NÚMERO DE CONTROL |
| campo de control |
on1396071470 |
| 003 - IDENTIFICADOR DEL NÚMERO DE CONTROL |
| campo de control |
OCoLC |
| 005 - FECHA Y HORA DE LA ÚLTIMA TRANSACCIÓN |
| campo de control |
20251020124337.0 |
| 008 - DATOS DE LONGITUD FIJA--INFORMACIÓN GENERAL |
| campo de control de longitud fija |
230623t20232023fr 000 f fre d |
| 010 ## - NÚMERO DE CONTROL DE LA BIBLIOTECA DEL CONGRESO |
| Número de control de LC |
2023431841 |
| 020 ## - NÚMERO INTERNACIONAL ESTÁNDAR DEL LIBRO |
| Número Internacional Estándar del Libro |
9782378803759 |
| Información calificativa |
(paperback) |
| 035 ## - NÚMERO DE CONTROL DEL SISTEMA |
| Número de control de sistema |
(OCoLC)1396071470 |
| Número de control cancelado/no válido |
(OCoLC)1395541703 |
| -- |
(OCoLC)1401158743 |
| 037 ## - FUENTE DE ADQUISICIÓN |
| Número de adquisición |
204016633 |
| Fuente del número de adquisición |
Groupe Archambault |
| 040 ## - FUENTE DE LA CATALOGACIÓN |
| Centro catalogador/agencia de origen |
HUL |
| Lengua de catalogación |
eng |
| Normas de descripción |
rda |
| Centro/agencia transcriptor |
HUL |
| Centro/agencia modificador |
OCLCO |
| -- |
PUL |
| -- |
DLC |
| -- |
QGK |
| -- |
QGJ |
| -- |
CGU |
| -- |
C3L |
| -- |
EWF |
| -- |
AUXAM |
| -- |
TOH |
| -- |
FUG |
| -- |
ERASP |
| -- |
EEM |
| -- |
MNN |
| -- |
MBB |
| -- |
OCLCO |
| -- |
WTV |
| -- |
GUA |
| -- |
OCLCF |
| -- |
CDS |
| -- |
JHE |
| -- |
UOH |
| 050 #4 - SIGNATURA TOPOGRÁFICA DE LA BIBLIOTECA DEL CONGRESO |
| Número de clasificación |
PQ2701.N374 |
| Número de documento/Ítem |
V45 2023 |
| 100 ## - ENTRADA PRINCIPAL--NOMBRE DE PERSONA |
| Nombre de persona |
Andrea, Jean-Baptiste, |
| Fechas asociadas al nombre |
1971- |
| Término indicativo de función/relación |
author. |
| 245 10 - MENCIÓN DE TÍTULO |
| Título |
Veiller sur elle |
| Mención de responsabilidad, etc. |
/ Jean-Baptiste Andrea. |
| 264 #1 - PRODUCCIÓN, PUBLICACIÓN, DISTRIBUCIÓN, FABRICACIÓN Y COPYRIGHT |
| Producción, publicación, distribución, fabricación y copyright |
Paris : |
| Nombre del de productor, editor, distribuidor, fabricante |
L'Iconoclaste, |
| Fecha de producción, publicación, distribución, fabricación o copyright |
[2023] |
| 300 ## - DESCRIPCIÓN FÍSICA |
| Extensión |
580 pages ; |
| Dimensiones |
20 cm. |
| 500 ## - NOTA GENERAL |
| Nota general |
Novel. |
| 520 ## - SUMARIO, ETC. |
| Sumario, etc. |
Au grand jeu du destin, Mimo a tiré les mauvaises cartes. Né pauvre, il est confié en apprentissage à un sculpteur de pierre sans envergure. Mais il a du génie entre les mains. Toutes les fées ou presque se sont penchées sur Viola Orsini. Héritière d'une famille prestigieuse, elle a passé son enfance à l'ombre d'un palais génois. Mais elle a trop d'ambition pour se résigner à la place qu'on lui assigne.<br/>Ces deux-là n'auraient jamais dû se rencontrer. Au premier regard, ils se reconnaissent et se jurent de ne jamais se quitter. Viola et Mimo ne peuvent ni vivre ensemble, ni rester longtemps loin de l'autre. Liés par une attraction indéfectible, ils traversent des années de fureur quand l'Italie bascule dans le fascisme. Mimo prend sa revanche sur le sort, mais à quoi bon la gloire s'il doit perdre Viola ?<br/>Un roman plein de fougue et d'éclats, habité par la grâce et la beauté. |
| Fuente proveedora |
Provided by publisher. |
| 520 ## - SUMARIO, ETC. |
| Sumario, etc. |
In the great game of destiny, Mimo was dealt the wrong cards. Born into poverty, he is apprenticed to a mediocre stonemason. Yet in his hands lies true genius. Viola Orsini, by contrast, has had almost every blessing. Heiress to a prestigious family, she grew up in the shadow of a grand Genoese palazzo. But her ambitions are far greater than the role assigned to her.<br/><br/>These two should never have met. And yet, at first glance, they recognise one another and vow never to part. Viola and Mimo can neither live together nor stay apart for long. Bound by an unbreakable attraction, they endure the turmoil of an Italy descending into fascism. Mimo wins his revenge on fate – but what use is glory if it means losing Viola?<br/><br/>A novel brimming with fire and brilliance, graced with beauty and passion. |
| 586 ## - NOTA DE PREMIOS |
| Nota de premios |
Prix Goncourt 2023. |
| 586 ## - NOTA DE PREMIOS |
| Nota de premios |
Prix du Roman FNAC 2023. |
| 650 #0 - PUNTO DE ACCESO ADICIONAL DE MATERIA--TÉRMINO DE MATERIA |
| Término de materia o nombre geográfico como elemento de entrada |
Man-woman relationships |
| Subdivisión de forma |
Fiction |
| 9 (RLIN) |
11134 |
| 651 #0 - PUNTO DE ACCESO ADICIONAL DE MATERIA--NOMBRE GEOGRÁFICO |
| Nombre geográfico |
Italy |
| Subdivisión general |
History |
| Subdivisión cronológica |
20th century |
| Subdivisión de forma |
Fiction. |
| 655 #0 - TÉRMINO DE INDIZACIÓN--GÉNERO/FORMA |
| Datos o término principal de género/forma |
Historical fiction |
| 9 (RLIN) |
22722 |
| 942 ## - ELEMENTOS DE ENTRADA AGREGADA (KOHA) |
| Fuente del sistema de clasificación o colocación |
Clasificación de Library of Congress |